000
00259nam a2200097Ia 4500
001
719431
005
20250826163043.0
008
250824s9999 xx 000 0 und d
245
0
_a
CENTİLMENLER VE OYUNCULAR
_c
JOANNE HARRİS
260
_b
ALTIN KİTAPLAR YAYINLARI
999
_c
719431
_d
719431